Match the random country with their capital (Asia) - Statistics

General Stats
  • This quiz has been taken 79 times
  • The average score is 8 of 10
Answer Stats
Hint Answer % Correct
United Arab Emirates Abu Dhabi
100%
Turkey Ankara
100%
Iraq Baghdad
100%
Thailand Bangkok
100%
China Beijing
100%
Syria Damascus
100%
Vietnam Hanoi
100%
Indonesia Jakarta
100%
Israel Jerusalem
100%
Kuwait Kuwait City
100%
Philippines Manila
100%
India New Delhi
100%
South Korea Seoul
100%
Singapore Singapore
100%
Iran Tehran
100%
Japan Tokyo
100%
Mongolia Ulaanbaatar
100%
Azerbaijan Baku
94%
Lebanon Beirut
94%
Saudi Arabia Riyadh
94%
Malaysia Kuala Lumpur
93%
Cyprus Nicosia
93%
Taiwan Taipei
93%
North Korea Pyongyang
92%
Oman Muscat
91%
Afghanistan Kabul
90%
Kazakhstan Astana
89%
Georgia Tbilisi
89%
Maldives Male
83%
Cambodia Phnom Penh
83%
Pakistan Islamabad
82%
Papua New Guinea Port Moresby
82%
Laos Vientiane
80%
Nepal Kathmandu
79%
Bahrain Manama
77%
Jordan Amman
75%
Bangladesh Dhaka
75%
Uzbekistan Tashkent
73%
Qatar Doha
71%
Turkmenistan Ashgabat
70%
Bhutan Thimphu
67%
Armenia Yerevan
67%
Yemen Sana'a
64%
Sri Lanka Sri Jayawardenapura Kotte
64%
Kyrgyzstan Bishkek
63%
Brunei Bandar Seri Begawan
60%
Tajikistan Dushanbe
53%
Equatorial Guinea Malabo
40%
Myanmar Nay Pyi Taw
10%
No matching quizzes found
Score Distribution
Percent of People with Each Score
Percentile by Number Answered
Your Score History
You have not taken this quiz